00427nam a2200157Ia 4500001001000000003000500010008004100015010001100056040000900067082001800076100001700094245008700111260003300198300001100231650002700242Para_2268CHAP220125s1992 xx 000 0 und d a200851 cCHAP aPA 635.642 B5 aBlancard, D. aA colour Atlas of tomato diseases :b observe identify control /c by D. Blancard aLondon :b Wolfe Publishing a212 p. aTomate x enfermedades